Surgery on compact manifolds /

Guardado en:
Autor Principal: Wall, C. T. C.
Formato: Libro
Idioma:English
Publicado: London ; New York : Academic Press, 1970.
Series:L.M.S. monographs ; 1
Materias:
Etiquetas: Agregar Etiqueta
Sin Etiquetas, Sea el primero en etiquetar este registro!
LEADER 00726cam a2200229 a 4500
001 MAT.inmabb005785
008 710426s1970####enk######b####001#0#eng##
005 20130322163821.0
245 1 0 |a Surgery on compact manifolds /  |c [by] C. T. C. Wall. 
260 |a London ;  |a New York :  |b Academic Press,  |c 1970. 
300 |a x, 280 p. ;  |c 24 cm. 
440 0 |a L.M.S. monographs ;  |v 1 
504 |a Bibliografía: p. 269-277. 
510 4 |a MR,  |c 55 #4217 
020 |a 0127327209 
100 1 |a Wall, C. T. C.  |q (Charles Terence Clegg) 
650 0 |a Manifolds (Mathematics) 
650 0 |a Surgery (Topology) 
084 |a 57R67 (19J25 57-02)  |2 msc2000 
010 |a  78141740  
040 |a DLC  |c DLC  |d DLC 
859 |h 57  |i W187  |p A-4836  |b BIB. MATEMATICA